A Study on the Biblical Understanding of Heaven and Hell / (Record no. 3234)
[ view plain ]
| 000 -LEADER | |
|---|---|
| fixed length control field | 00538nam a22001817a 4500 |
| 003 - CONTROL NUMBER IDENTIFIER | |
| control field | OSt |
| 005 - DATE AND TIME OF LATEST TRANSACTION | |
| control field | 20181105121500.0 |
| 008 - FIXED-LENGTH DATA ELEMENTS--GENERAL INFORMATION | |
| fixed length control field | 181015b ||||| |||| 00| 0 eng d |
| 040 ## - CATALOGING SOURCE | |
| Transcribing agency | DLC |
| 082 ## - DEWEY DECIMAL CLASSIFICATION NUMBER | |
| Classification number | REF 025 |
| Item number | B575S |
| 100 ## - MAIN ENTRY--PERSONAL NAME | |
| Personal name | Bheyam, Yanchang C. |
| 245 ## - TITLE STATEMENT | |
| Title | A Study on the Biblical Understanding of Heaven and Hell / |
| Statement of responsibility, etc. | By Yanchang C.Bheyam. |
| 260 ## - PUBLICATION, DISTRIBUTION, ETC. | |
| Place of publication, distribution, etc. | Greator Noida, UP : |
| Name of publisher, distributor, etc. | Harvest Mission College, |
| Date of publication, distribution, etc. | 2015. |
| 300 ## - PHYSICAL DESCRIPTION | |
| Extent | 84 p.: |
| 630 ## - SUBJECT ADDED ENTRY--UNIFORM TITLE | |
| Uniform title | Institutional Thesis |
| 700 ## - ADDED ENTRY--PERSONAL NAME | |
| Personal name | Rev. Biju K. Pappachan - Mentor |
| 942 ## - ADDED ENTRY ELEMENTS (KOHA) | |
| Source of classification or shelving scheme | Dewey Decimal Classification |
| Koha item type | Reference |
No items available.
